000 00379cam a2200157ua 4500
041 _aeng
_h
082 _a822
_bSHA/ME
100 _aShakespeare, William.
245 _aMerchant of venice /
_cWilliam Shakespeare.
_hTextual Documents
260 _aLondon :
_bLongman ,
_c1969.
300 _a248 ; .
504 _a
942 _cBK
999 _c5918
_d5918